Groupes de musique 2000 - - Statistiques

Statistiques générales
  • Ce quiz a été pris 121 fois
  • Le résultat moyen est 8 sur 20
Statistiques - réponses
Chansons Groupes % Correct
Numb Linkin Park
75%
Radioactive Imagine Dragons
73%
Boulevard of Broken Dreams Green Day
64%
Clint Eastwood Gorillaz
58%
Fix You Coldplay
52%
Ms Jackson Outkast
51%
I Wanna Be Your Slave Maneskin
43%
Don't Cha The Pussycat Dolls
41%
She Will Be Loved Maroon 5
40%
505 Arctic Monkeys
35%
Where is the Love ? Black Eyed Peas
34%
Survivor Destiny's Child
32%
Starlight Muse
30%
Best Song Ever One Direction
30%
Bye Bye Bye NSYNC
28%
Worth It Fifth Harmony
24%
Kids MGMT
23%
Somebody Told Me The Killers
19%
I miss You Blink-182
14%
1901 Phoenix
6%
Aucun quiz correspondant
Distribution des résultats
% des personnes avec chaque résultat
Percentile par nombre de réponses
Votre historique - résultats
Vous n’avez pas pris ce quiz